Guess These Random Countries Flags 2# - Statistics

General Stats
  • This quiz has been taken 39 times
  • The average score is 14 of 16
Answer Stats
Picture Answer % Correct
Ukraine
100%
Denmark
97%
France
97%
Japan
97%
Saudi Arabia
94%
Serbia
92%
Thailand
92%
Australia
89%
Estonia
89%
Slovakia
89%
Bangladesh
83%
Tunisia
78%
Ivory Coast
75%
Madagascar
69%
Mozambique
64%
Nauru
64%
No matching quizzes found
Score Distribution
Percent of People with Each Score
Percentile by Number Answered
Your Score History
You have not taken this quiz